| 000 | 00358nam a2200133Ia 4500 | ||
|---|---|---|---|
| 008 | 230917s9999||||xx |||||||||||||| ||und|| | ||
| 040 |
_e94602 _aMAIN |
||
| 041 | _aEnglish | ||
| 082 | _a574.8732 S64S | ||
| 100 | _aSunita Singh | ||
| 245 | 0 | _aStudies on the DNA-binding protelnsr of amopheles stephensi (Diptera :Culicidae) | |
| 300 | _a180 p. | ||
| 942 | _cTH | ||
| 999 |
_c87565 _d87565 |
||